00479nam a22001577a 450000500170000001000170001702000260003403500170006003700170007708200130009410000200010724500780012726000350020527000600024030000210030020140313122509.0 aB-505454-459 a9780670086160c499.00 aB-505454-459 adplbKKP/Ven a361.3092 aBeteille, Andre aSunlight on the Garden:ba story of childhood & Youth/cby Andre Beteille aNew DelhibPenguin Groupc2012 a11 Community Centre, Panchsheel ParkbNew Delhie110017 a293p.:c21cm(Hb)